Statistics for 🐾Animal Collective Nouns🐾

Click here to take the quiz!

General Stats

  • This quiz has been taken 148 times
  • The average score is 6 of 13

Answer Stats

Hint💡Answer✅% Correct
LionPride
95%
CowHerd
85%
CrowMurder
80%
SheepFlock
67%
AnchovyShoal
59%
DolphinPod
55%
RhinoCrash
36%
CamelCaravan
29%
GiraffeTower
24%
ParrotPandemonium
9%
MeerkatMob
7%
HippoThunder
5%
ButterflyKaleidoscope
4%

Score Distribution

Percentile by Number Answered

Percent of People with Each Score

Your Score History

You have not taken this quiz